Any old iron (Record no. 118174)

MARC details
000 -LEADER
fixed length control field 00908cam a2200229 4500
001 - CONTROL NUMBER
control field ABS68306
008 - FIXED-LENGTH DATA ELEMENTS--GENERAL INFORMATION
fixed length control field 041015n2004 000 0 eng u
035 ## - SYSTEM CONTROL NUMBER
System control number (Sirsi) u127723
100 ## - MAIN ENTRY--PERSONAL NAME
Personal name Foyle, J.
245 ## - TITLE STATEMENT
Title Any old iron
260 ## - PUBLICATION, DISTRIBUTION, ETC.
Date of publication, distribution, etc. 2004
490 ## - SERIES STATEMENT
Series statement Architects' Journal
Volume/sequential designation 220(14) 14 October 2004, 38-40(3)
520 ## - SUMMARY, ETC.
Summary, etc. Fourth in a series of articles on the history and conservation of building materials. Traces the use of iron in construction through the ages. Uses various famous examples of the use of iron, not just for strengthening. Highlights peak of its use in the period of the Industrial Revolution. (See also Abs67998, Abs68102 and Abs68202)
590 ## - LOCAL NOTE (RLIN)
Local note ABS
590 ## - LOCAL NOTE (RLIN)
Local note ABS
650 ## - SUBJECT ADDED ENTRY--TOPICAL TERM
Topical term or geographic name entry element BUILDING MATERIALS
650 ## - SUBJECT ADDED ENTRY--TOPICAL TERM
Topical term or geographic name entry element HISTORICAL BUILDINGS
650 ## - SUBJECT ADDED ENTRY--TOPICAL TERM
Topical term or geographic name entry element BUILT ENVIRONMENT-BUILDING MATERIALS-METAL
650 ## - SUBJECT ADDED ENTRY--TOPICAL TERM
Topical term or geographic name entry element IRON
690 ## - LOCAL SUBJECT ADDED ENTRY--TOPICAL TERM (OCLC, RLIN)
Topical term or geographic name as entry element BUILDING CONSERVATION
942 ## - ADDED ENTRY ELEMENTS (KOHA)
Suppress in OPAC 0
Holdings
Withdrawn status Lost status Source of classification or shelving scheme Damaged status Not for loan Home library Current library Shelving location Date acquired Total Checkouts Full call number Barcode Date last seen Copy number Price effective from Koha item type
    Dewey Decimal Classification     London London Journal article 15/10/2004   ABS68306 127723-1001 06/08/2019 1 06/08/2019 Journal article